000 00757nam a22002297a 4500
001 BRCA_9169
003 FranzMayer
005 20220627122824.0
008 220310b |||||||| |||| 00| 0 eng d
020 _a9788466237291
040 _cMUSEO FRANZ MAYER
_dDLC
041 _aspa
050 _aN8217.C63
_bE393 2018
245 _aGuía Ilustrada para interpretar la Moda
_bUn Manual sobre la Evolución del Vestido desde el siglo XVI hasta el XX
260 _aMadrid, España
_bEditorial LIBSA
_c2018
300 _a184 p.
_c30 cm.
500 _aAdquirido por el MFM en marzo del 2022.
500 _aLibreros-Anexo Acervos y Biblioteca
546 _aTexto en español
610 _aLydia Edwards
_xModa
_ySiglo XVII-XIX
_zEuropa
_928353
942 _2lcc
_cB
999 _c10788
_d10788